Welcome to CU Library Online Public Access Catalogue (OPAC)

Nursing Report Card for Acute Care Settings (Record no. 7955)

MARC details
000 -LEADER
fixed length control field 00416nam a22001337a 4500
005 - DATE AND TIME OF LATEST TRANSACTION
control field 20251030124526.0
008 - FIXED-LENGTH DATA ELEMENTS--GENERAL INFORMATION
fixed length control field 251030b |||||||| |||| 00| 0 eng d
050 ## - LIBRARY OF CONGRESS CALL NUMBER
Classification number RT85.5 NUR
110 ## - MAIN ENTRY--CORPORATE NAME
Corporate name or jurisdiction name as entry element Lewin-VHI, Inc.
245 ## - TITLE STATEMENT
Title Nursing Report Card for Acute Care Settings
Statement of responsibility, etc. prepared by Lewin-VHI, Inc.
260 ## - PUBLICATION, DISTRIBUTION, ETC.
Place of publication, distribution, etc. Washington
Name of publisher, distributor, etc. American Nurses Publishing
Date of publication, distribution, etc. 1995
300 ## - PHYSICAL DESCRIPTION
Extent xi. mixed paging
Other physical details ill.
Dimensions 28cm
942 ## - ADDED ENTRY ELEMENTS (KOHA)
Source of classification or shelving scheme Library of Congress Classification
Koha item type Books
Suppress in OPAC No
999 ## -
-- 7955
-- 7955
Holdings
Withdrawn status Lost status Source of classification or shelving scheme Damaged status Not for loan Collection Home library Current library Shelving location Date acquired Total checkouts Full call number Barcode Date last seen Copy number Price effective from Koha item type
    Library of Congress Classification     Non-fiction Science Library (Miotso) Science Library (Miotso) General stacks 10/30/2025   RT85.5 NUR SLM00005032 10/30/2025 1 10/30/2025 Books
© 2023-2024 Copyright: Central University Libraries. All Rights Reserved | Created by: Mahone Tech Office